000 00433nam a2200169Ia 4500
008 230125s9999 xx 000 0 und d
041 _aeng
082 _a491.47
_bNAI
100 _aNair U
_9107373
245 _aGujarathi akshar parichay pustak pahile
260 _c1991
_bCentral Publication
300 _a74p
500 _aGujarathi books
650 _aGeneral
700 _aNair U
_9107373
999 _c86608
_d86608